| 000 | 05076cam a22008534i 4500 | ||
|---|---|---|---|
| 003 | PE-LiUPU | ||
| 005 | 20250731170409.0 | ||
| 008 | 120420s2012 sp a rb 000 0 spa d | ||
| 020 | _a9788436826555 | ||
| 035 | _a(Sirsi) i9788436826555 | ||
| 040 |
_aPE-LiUPU _bspa _cPE-LiUPU _erda |
||
| 049 | _aPRUA | ||
| 080 | _a159.938.3 | ||
| 082 | 0 | 4 |
_a150.15195 _bB76 2012 |
| 082 | 0 | 4 |
_a159.938 _bB76 T1 |
| 100 | 1 |
_aBotella Ausina, Juan, _eautor. |
|
| 245 | 1 | 0 |
_aAnálisis de datos en psicología I / _cJuan Botella Ausina, Manuel Suero Suñe, Carmen Ximénez Gómez. |
| 264 | 1 |
_aMadrid : _bPirámide, _c2012. |
|
| 300 |
_a437 páginas : _bilsutraciones ; _c24 centímetros. |
||
| 336 |
_atext _2rdacontent |
||
| 337 |
_aunmediated _2rdamedia |
||
| 338 |
_avolume _2rdacarrier |
||
| 490 | 0 | _aColección "Psicología" | |
| 504 | _aIncluye bibliografía : páginas : [435]-437. | ||
| 505 | 0 | _aConceptos generales -- Estadística descriptiva con una variable -- Organización y representación de datos. Medidas de posición -- Estadísticos invariados: tendencia central, variabilidad, asimetría y cutosis -- Trasformación de puntuaciones. Puntuaciones típicas y escalas derivadas -- Estadística descriptiva con dos variables -- Correlación lineal -- Combinación lineal de variables -- Regresión lineal -- Organización y descripción de datos con más de una variable -- Probabilidad -- Introducción a la probabilidad -- Variables aleatorias -- Modelos de distribución de probabilidad: variables discretas -- Modelos de distribución de probabilidad: variables continuas -- Introducción a la inferencia estadística -- Distribución muestral de un estadístico -- La lógica del contraste de hipótesis -- Contraste de hipótesis sobre algunos parámetros. | |
| 526 | _aSEG68 | ||
| 526 | _aSEG70 | ||
| 526 | _aSEG69 | ||
| 526 | _aSEG67 | ||
| 526 | _aSEG43 | ||
| 526 | _aP144 | ||
| 526 | _aP143 | ||
| 526 | _aP131 | ||
| 526 | _aP122 | ||
| 526 | _aP120 | ||
| 526 | _aP117 | ||
| 526 | _aP112 | ||
| 526 | _aP110 | ||
| 526 | _aP106 | ||
| 526 | _aP101 | ||
| 526 | _aP80 | ||
| 526 | _aP59 | ||
| 526 | _aP54 | ||
| 526 | _aP35 | ||
| 526 | _aP33 | ||
| 526 | _aP30 | ||
| 541 | _g0020-0002813; | ||
| 541 | _gF002.00000834; | ||
| 650 | 1 | 7 |
_aPsicometría. _2embne |
| 650 | 2 | 4 |
_aPsicología _xMétodos estadísticos. |
| 700 | 1 |
_aSuero Suñe, Manuel, _eautor. |
|
| 700 | 1 |
_aXiménez Gómez, Carmen, _eautor. |
|
| 910 |
_ajck _cng |
||
| 910 |
_btqv _cwelc _d20161123 |
||
| 910 |
_armch _btqv _cjfb _d20190130 |
||
| 910 |
_armch _btqv _cwelc _d20170731 |
||
| 942 |
_2ddc _cBOOK |
||
| 949 |
_a150.15195 B76 2012 _wDEWEY _c1 _i70276 _d2016-11-20 _e2016-11-16 _lCCODEBUL1 _mBUL _n3 _p39.00 _r0 _sY _tBOOK _u2015-7-30 _xSALUD _PP33 _0COMPRA _o.STAFF. Colección General |
||
| 949 |
_a159.938 B76 T1 2012 _wDEWEY _c1 _iFJ04385 _lCCODEBUJ1 _mBUJ _p39.00 _r0 _sY _tBOOK _u2015-10-12 _xSALUD _PP33 _0COMPRA _o.STAFF. Colección General Juliaca |
||
| 949 |
_a159.938 B76 T1 2012 _wDEWEY _c1 _iFJ06726 _lCCODEBUJ1 _mBUJ _p50.91 _r0 _sY _tBOOK _u2016-11-23 _xSALUD _PP33 _0COMPRA _o.STAFF. Colección General Juliaca |
||
| 949 |
_a159.938 B76 T1 2012 _wDEWEY _c2 _iFJ08313 _lCCODEBUJ1 _mBUJ _p51.40 _r0 _sY _tBOOK _u2017-07-31 _xSALUD _PP33 _0COMPRA _o.STAFF. Colección General Juliaca |
||
| 949 |
_a159.938 B76 T1 2012 _wDEWEY _c3 _iFJ08314 _lCCODEBUJ1 _mBUJ _p51.40 _r0 _sY _tBOOK _u2017-07-31 _xSALUD _PP33 _0COMPRA _o.STAFF. Colección General Juliaca |
||
| 949 |
_a159.938 B76 T1 2012 _wDEWEY _c4 _iFJ12478 _lCCODEBUJ1 _mBUJ _p55.00 _r0 _sY _tBOOK _u2019-01-30 _xSALUD _PP33 _0COMPRA _o.STAFF. Colección General Juliaca |
||
| 994 |
_aC0 _bPEPRU |
||
| 596 | _a1 3 | ||
| 999 |
_a150.15195 B76 2012 _wDEWEY _c6571 _i70276 _d6571 _e2016-11-16 _f2021-11-3 _g5 _lCCODEBUL1 _mBUL _n3 _p39.00 _q2 _r0 _sY _tBOOK _u2015-7-30 _xSALUD _PP33 _0COMPRA _o.STAFF. Colección Ciencias de la Salud |
||
| 999 |
_a159.938 B76 T1 2012 _wDEWEY _c1 _iFJ06726 _d2017-9-8 _e2017-5-2 _f2022-1-17 _g4 _lCCODEBUJ1 _mBUJ _n1 _p50.91 _q1 _r0 _sY _tBOOK _u2017-2-13 _xSALUD _PP33 _0COMPRA _o.STAFF. Colección General Juliaca |
||
| 999 |
_a159.938 B76 T1 2012 _wDEWEY _c2 _iFJ08313 _d2018-3-23 _f2022-1-17 _g4 _lCCODEBUJ1 _mBUJ _p51.40 _q1 _r0 _sY _tBOOK _u2017-7-31 _xSALUD _PP33 _0COMPRA _o.STAFF. Colección General Juliaca |
||
| 999 |
_a159.938 B76 T1 2012 _wDEWEY _c3 _iFJ08314 _f2022-1-17 _g4 _lCCODEBUJ1 _mBUJ _p51.40 _r0 _sY _tBOOK _u2017-7-31 _xSALUD _PP33 _0COMPRA _o.STAFF. Colección General Juliaca |
||
| 999 |
_a159.938 B76 T1 2012 _wDEWEY _c4 _iFJ04385 _f2022-1-17 _g4 _lCCODEBUJ1 _mBUJ _p39.00 _r0 _sY _tBOOK _u2019-1-30 _xSALUD _PP33 _0COMPRA _o.STAFF. Colección General Juliaca |
||
| 999 |
_a159.938 B76 T1 2012 _wDEWEY _c5 _iFJ12478 _d2019-8-16 _f2022-1-17 _g3 _lCCODEBUJ1 _mBUJ _p55.00 _q1 _r0 _sY _tBOOK _u2019-1-30 _xSALUD _PP33 _0COMPRA _1FCOMPR2 _2UNKNOWN _o.STAFF. Colección general Juliaca |
||
| 980 |
_81 _gALBERTO SANCHEZ Responsable de Automatización |
||